000 00280nam a22001217a 4500
082 _a894.812.3
_bCHI/O
100 _aORU KATHA PARAYU
245 _aORU KATHA PARAYU
260 _aERANAKULAM
_bCHINMAYA
_c2001
300 _a125
650 _aMALAYALAM SHORT STORY
_zKERALA
942 _cBK
999 _c1558
_d1558